| 000 | 00719cam a2200217 a 4500 | ||
|---|---|---|---|
| 001 | 76849 | ||
| 003 | BD-RjUL | ||
| 005 | 20211209082909.0 | ||
| 008 | 200127r19691949enk 000 1 eng d | ||
| 035 | _a(BD-RjUL)77073 | ||
| 040 |
_aEQO _cEQO _beng _dBD-RjUL |
||
| 041 | _aeng | ||
| 082 |
_a780.92 _bMAD 1969 _223 |
||
| 100 | 1 |
_aMann, Thomas, _d1875-1955. _953289 |
|
| 245 | 1 | 0 |
_aDoctor Faustus : _bthe life of the German composer Adrian Leverkühn, as told by a friend / _cThomas Mann; translated by H. T. Lowe-Porter |
| 260 |
_aLondon : _bSeker & Warburg , _c1969 |
||
| 300 |
_a510 p. ; _c23 cm. |
||
| 700 | 1 |
_aLowe-Porter, H. T. _q(Helen Tracy), _d1876-1963. _9238437 |
|
| 942 |
_2ddc _cBK |
||
| 999 |
_c76849 _d76849 |
||